| 000 | 00431nam a22001577a 4500 | ||
|---|---|---|---|
| 003 | NUST - PNEC | ||
| 005 | 20170116181057.0 | ||
| 008 | 151001b xxu||||| |||| 00| 0 eng d | ||
| 040 | _cLIBRARY | ||
| 082 | _a623.8537 MAC | ||
| 100 |
_912107 _aMacdonald, Robert |
||
| 245 |
_aMarine air conditioning, practical applications _cRobert Macdonald |
||
| 260 | _c1964 | ||
| 650 |
_912109 _aShips--Air conditioning _xEL |
||
| 942 |
_2ddc _cBK |
||
| 999 |
_c68589 _d68589 |
||